Fill in the Blank Song Title #2 - Statistics

General Stats
  • This quiz has been taken 34 times
  • The average score is 6 of 15
Answer Stats
Artist Song % Correct
Miley Cyrus Wrecking {Ball}
100%
Morgan Wallen Last {Night}
61%
Metallica {Master} Of Puppets
58%
Meek Mill {Dreams} and Nightmares
52%
Nicki Minaj Super Freaky {Girl}
52%
Nirvana The Man Who Sold The {World}
45%
Nas The {World} Is Yours
45%
Ne-Yo {Miss} Independent
39%
My Chemical Romance Welcome to the {Black} Parade
39%
Mac Miller Donald {Trump}
36%
Maroon 5 Sunday {Morning}
36%
M83 {Midnight} City
18%
New West Those {Eyes}
18%
NAV Some {Way}
12%
Madison Beer Dear {Society}
6%
No matching quizzes found
Score Distribution
Percent of People with Each Score
Percentile by Number Answered
Your Score History
You have not taken this quiz